Traduction d'Adverbes en Anglais Aléatoire - Statistiques

Statistiques générales
  • Ce quiz a été pris 905 fois
  • Le résultat moyen est 13 sur 20
Statistiques - réponses
Français Anglais % Correct
matin morning
95%
jamais never
93%
maintenant now
92%
toujours always
91%
ici here
90%
vraiment really
90%
aujourd'hui today
89%
ensemble together
89%
demain tomorrow
88%
rapide fast
87%
hier yesterday
87%
seul alone
84%
très very
84%
dehors out
83%
parfois sometimes
83%
lentement slowly
79%
partout everywhere
76%
dur hard
75%
la semaine prochaine next week
74%
bientôt soon
72%
ce soir tonight
72%
plus tard later
68%
nulle part nowhere
67%
déjà already
66%
puis then
64%
récemment recently
61%
absolument absolutely
60%
there
60%
presque almost
59%
joli pretty
55%
rapidement quickly
48%
n'importe où anywhere
43%
hier soir last night
43%
bien well
40%
à la maison home
38%
immédiatement immediately
36%
dernièrement lately
26%
soigneusement carefully
24%
là-bas over there
17%
loin away
14%
à peine barely
11%
pour le moment right now
10%
Aucun quiz correspondant
Distribution des résultats
% des personnes avec chaque résultat
Percentile par nombre de réponses
Votre historique - résultats
Vous n’avez pas pris ce quiz